000 01030cam a22002651 4500
001 e 50000035
003 DLC
005 20260227111234.0
008 780906s1950 xx 000 0 eng c
010 _ae 50000035
035 _a(OCoLC)4201873
040 _aU.S. Office of Education Library
_cOAk
_dDLC
042 _apremarc
050 0 0 _aL111
_b.A6 1950, no. 17
051 _aLB3221
_b.V5
082 _a371.6
100 1 _aViles, Nelson Eric,
_d1891-
245 1 0 _aSchool buildings:
_bremodeling, rehabilitation, modernization, repair.
260 _a[Washington]
_bFederal Security Agency, Office of Education
_c[1950]
300 _av, 37 p.
_c23 cm.
410 1 0 _aUnited States.
_bOffice of Education.
_tBulletin 1950,
_vno. 17
501 _aCopies 1 and 2 of L111.A6 with: State boards of education and chief state school officers / Ward W. Keesecker. Washington : Govt. Print. Off., 1950. Bound together subsequent to publication.
_5DLC
504 _aBibliography: p. 37.
650 0 _aSchool buildings
_zUnited States.
999 _c22135
_d22135